[Event "World Rapid Team 2023"]
[Site "Dusseldorf GER"]
[Date "2023.08.26"]
[Round "4.13"]
[Board "2"]
[White "Magana, Ben"]
[Black "Heinert, Eugen"]
[Result "0-1"]
[WhiteTitle "CM"]
[WhiteElo "2020"]
[BlackElo "2121"]
[WhiteTeam "Kenya Commercial Bank Chess Club"]
[BlackTeam "Blerickse Schaakvereniging"]
[WhiteFideId "10800166"]
[BlackFideId "24621390"]
[EventDate "2023.08.26"]

1. e4 e6 2. d4 d5 3. e5 c5 4. c3 Nc6 5. Nf3 Bd7 6. Bd3 cxd4 7. O-O Qb6 8. Re1
Rc8 9. a3 a5 10. h4 h6 11. h5 Nge7 12. Bc2 dxc3 13. Nxc3 Nb8 14. Rb1 Nec6 15.
Be3 Qd8 16. Ne2 Be7 17. Qd2 Qc7 18. Nf4 Nxe5 19. Nxe5 Qxc2 20. Qxa5 Qc7 21. Bb6
Qd6 22. Nfd3 Nc6 23. Nxc6 Rxc6 24. Qa8+ Rc8 25. Qxb7 Rb8 0-1

[Event "World Rapid Team 2023"]
[Site "Dusseldorf GER"]
[Date "2023.08.26"]
[Round "4.13"]
[Board "3"]
[White "Fowler, Gordon"]
[Black "Methu, Joseph Muragu"]
[Result "0-1"]
[WhiteElo "1995"]
[BlackElo "1989"]
[WhiteTeam "Blerickse Schaakvereniging"]
[BlackTeam "Kenya Commercial Bank Chess Club"]
[WhiteFideId "12915173"]
[BlackFideId "10804714"]
[EventDate "2023.08.26"]

1. e4 Nf6 2. Nc3 d5 3. e5 Nfd7 4. d4 c5 5. dxc5 e6 6. Nf3 Nc6 7. Bg5 Qa5 8. Bb5
Bxc5 9. O-O a6 10. Bxc6 bxc6 11. a3 Qc7 12. b4 Ba7 13. Re1 Bb7 14. a4 O-O 15.
Be7 Nxe5 16. Bxf8 Nxf3+ 17. Qxf3 Rxf8 18. Ne2 e5 19. Ng3 g6 20. h4 f5 21. h5 e4
22. Qb3 e3 23. Nh1 f4 24. c4 f3 25. c5 fxg2 26. Kxg2 exf2 27. Nxf2 Bb8 28. Qh3
Bc8 29. Qh4 Qf7 30. Ra3 Qf5 31. Rae3 g5 0-1

[Event "World Rapid Team 2023"]
[Site "Dusseldorf GER"]
[Date "2023.08.26"]
[Round "4.13"]
[Board "4"]
[White "Njoroge, Martin"]
[Black "Bergmans, Dirk"]
[Result "1-0"]
[WhiteElo "1870"]
[BlackElo "2015"]
[WhiteTeam "Kenya Commercial Bank Chess Club"]
[BlackTeam "Blerickse Schaakvereniging"]
[WhiteFideId "10801952"]
[BlackFideId "1042327"]
[EventDate "2023.08.26"]

1. Nf3 d5 2. c4 c6 3. e3 Nf6 4. b3 Bf5 5. Bb2 e6 6. h3 h6 7. Be2 Be7 8. O-O O-O
9. d4 a5 10. Nc3 Na6 11. Ne5 Nd7 12. Nxd7 Qxd7 13. Na4 Qc7 14. c5 e5 15. dxe5
Nxc5 16. Nxc5 Bxc5 17. Rc1 Qb6 18. Bg4 Be4 19. Bf3 Bg6 20. Bh5 Bh7 21. Qg4 d4
22. exd4 Be7 23. Qe2 a4 24. e6 f6 25. Bf7+ Kh8 26. Rfd1 axb3 27. axb3 Qxb3 28.
d5 cxd5 29. Rc7 Bd6 30. Rd7 Ra2 31. Rd2 Qb4 32. Rxd6 Qxd6 33. e7 Be4 34. exf8=Q+
Qxf8 35. Bxd5 Bxd5 36. Rxd5 Qb4 37. Rd8+ Kh7 38. Qd3+ 1-0

[Event "World Rapid Team 2023"]
[Site "Dusseldorf GER"]
[Date "2023.08.26"]
[Round "4.13"]
[Board "5"]
[White "Alonso, Jose Antonio"]
[Black "Oluka Robert Mcligeyo"]
[Result "0-1"]
[WhiteElo "1836"]
[BlackElo "2009"]
[WhiteTeam "Blerickse Schaakvereniging"]
[BlackTeam "Kenya Commercial Bank Chess Club"]
[WhiteFideId "16213130"]
[BlackFideId "10814647"]
[EventDate "2023.08.26"]

1. e4 c5 2. Nc3 Nc6 3. f4 g6 4. Nf3 Bg7 5. Bb5 Nd4 6. Nxd4 cxd4 7. Ne2 e6 8. d3
Ne7 9. O-O O-O 10. Qe1 d5 11. e5 Nf5 12. c3 a6 13. Ba4 dxc3 14. bxc3 Bd7 15.
Bxd7 Qxd7 16. Rb1 b5 17. Rf3 d4 18. Rb3 dxc3 19. Rxc3 Rac8 20. Ba3 Nd4 21. Rxc8
Nxf3+ 22. gxf3 Rxc8 23. Bd6 Bf8 24. Bxf8 Rxf8 25. d4 Qd5 26. Qg3 Qxa2 27. Qe1
Rc8 28. Kf2 Rc2 29. Qd1 a5 30. Qd3 b4 31. h4 a4 32. h5 Rxe2+ 33. Kg3 Qd2 34. Qb5
Rg2+ 0-1

[Event "World Rapid Team 2023"]
[Site "Dusseldorf GER"]
[Date "2023.08.26"]
[Round "4.13"]
[Board "6"]
[White "Ndirangu, Nyaruai, Joyce"]
[Black "Hartjes, Jenny"]
[Result "1-0"]
[WhiteTitle "WCM"]
[WhiteElo "1719"]
[BlackElo "1685"]
[WhiteTeam "Kenya Commercial Bank Chess Club"]
[BlackTeam "Blerickse Schaakvereniging"]
[WhiteFideId "10802886"]
[BlackFideId "16222334"]
[EventDate "2023.08.26"]

1. e4 c5 2. Bc4 e6 3. Nc3 Nc6 4. Nf3 a6 5. d3 d6 6. O-O Nf6 7. Re1 Be7 8. e5
dxe5 9. Nxe5 Nxe5 10. Rxe5 O-O 11. Qf3 Bd6 12. Rg5 h6 13. Rg3 Bxg3 14. hxg3 Rb8
15. Bf4 Ra8 16. g4 Nh7 17. Ne4 Ng5 18. Bxg5 hxg5 19. Qe3 Qd4 20. Qxg5 f6 21. Qg6
b5 22. Bb3 c4 23. dxc4 bxc4 24. c3 Qe5 25. Bxc4 f5 26. Ng5 Rf6 27. Qe8+ Rf8 28.
Qh5 Rf6 29. Qh7+ Kf8 30. Qh8+ Ke7 31. Qxg7+ Ke8 32. Rd1 Rb8 33. Nf3 1-0

[Event "World Rapid Team 2023"]
[Site "Dusseldorf GER"]
[Date "2023.08.26"]
[Round "4.14"]
[Board "1"]
[White "Elier, Ali"]
[Black "Helbig, Mark"]
[Result "1-0"]
[BlackTitle "FM"]
[WhiteElo "2187"]
[BlackElo "2307"]
[WhiteTeam "Wensing & Poebel"]
[BlackTeam "Neustadt Weinstrasse"]
[WhiteFideId "16217543"]
[BlackFideId "4675622"]
[EventDate "2023.08.26"]

1. e4 c6 2. d4 d5 3. Nc3 dxe4 4. Nxe4 Bf5 5. Ng3 Bg6 6. Nf3 Nd7 7. h4 h6 8. h5
Bh7 9. Bd3 Bxd3 10. Qxd3 e6 11. Bd2 Ngf6 12. O-O-O Be7 13. Kb1 a5 14. Ne4 Nxe4
15. Qxe4 Nf6 16. Qe2 a4 17. g4 a3 18. b3 Qd5 19. c4 Qe4+ 20. Qxe4 Nxe4 21. Rhf1
Bf6 22. Kc2 O-O 23. Be3 Rfd8 24. Nd2 Nd6 25. f3 b5 26. f4 Rab8 27. c5 Ne8 28.
Ne4 Be7 29. f5 exf5 30. gxf5 Nf6 31. Bf4 Rbc8 32. Bd6 Bxd6 33. Nxd6 Rc7 34. Rh1
Re7 35. Rde1 Rdd7 36. b4 Kf8 37. Kb3 Nd5 38. Kxa3 Ra7+ 39. Kb3 Ra8 40. Rxe7 Kxe7
41. Re1+ Kf6 42. Re5 Nf4 43. Ne4# 1-0

[Event "World Rapid Team 2023"]
[Site "Dusseldorf GER"]
[Date "2023.08.26"]
[Round "4.14"]
[Board "2"]
[White "Teuffer, Michael"]
[Black "Leonard, Timo"]
[Result "1-0"]
[WhiteElo "2189"]
[BlackElo "2223"]
[WhiteTeam "Neustadt Weinstrasse"]
[BlackTeam "Wensing & Poebel"]
[WhiteFideId "24680427"]
[BlackFideId "16208757"]
[EventDate "2023.08.26"]

1. d4 d5 2. Nc3 Nf6 3. Bg5 e6 4. e4 Bb4 5. e5 h6 6. Be3 Ne4 7. Qg4 g6 8. Bd3 h5
9. Qf3 Nxc3 10. a3 Be7 11. bxc3 c5 12. dxc5 Nd7 13. Bd4 Nxc5 14. Bb5+ Bd7 15.
Bxd7+ Qxd7 16. Qe3 Rc8 17. Ne2 Qa4 18. Ra2 a6 19. O-O b5 20. Kh1 Kf8 21. Rb1 Kg7
22. Rf1 h4 23. Nf4 Qc4 24. Raa1 Ne4 25. Ne2 Bg5 26. f4 Be7 27. h3 Qxe2 1-0

[Event "World Rapid Team 2023"]
[Site "Dusseldorf GER"]
[Date "2023.08.26"]
[Round "4.14"]
[Board "3"]
[White "Garbuz, Vitaliy"]
[Black "Gaab, Wolfgang"]
[Result "1-0"]
[WhiteElo "2154"]
[BlackElo "2060"]
[WhiteTeam "Wensing & Poebel"]
[BlackTeam "Neustadt Weinstrasse"]
[WhiteFideId "12990710"]
[BlackFideId "24679054"]
[EventDate "2023.08.26"]

1. e4 e6 2. d4 d5 3. Nd2 Nf6 4. e5 Ng8 5. c3 Ne7 6. Bd3 Qd7 7. Ne2 b6 8. Nf3 Ba6
9. Nf4 Bxd3 10. Qxd3 h5 11. O-O Nf5 12. h4 Be7 13. g3 c5 14. b3 Nc6 15. Be3 g6
16. Rfd1 Rc8 17. Rac1 Na5 18. Qe2 c4 19. b4 Nc6 20. Rb1 Nd8 21. Qc2 a6 22. Nh3
Kf8 23. Bg5 Rc7 24. Nf4 Bxg5 25. Nxg5 Kg7 26. a4 Qe7 27. Qd2 Qd7 28. Qc2 Qe7 29.
Qd2 Rd7 30. Qc2 Rb7 31. Qd2 Qd7 32. Qc2 Nc6 33. Ra1 Nce7 34. Qe2 Rbb8 35. Rdb1
Rbg8 36. Qd1 Nh6 37. f3 Nef5 38. Kf2 Ne7 39. a5 b5 40. Qc2 Nhf5 41. Rh1 Re8 42.
Rh2 Ng8 43. Rah1 Kf8 44. g4 Ng7 45. Nxf7 Qxf7 46. Nxg6+ Qxg6 47. Qxg6 Re7 48.
Rg2 Rh6 49. Qg5 Ke8 50. Rhg1 Kf8 51. Ke2 Rh8 52. Kd2 Rh6 53. gxh5 Rxh5 54. Qxh5 1-0

[Event "World Rapid Team 2023"]
[Site "Dusseldorf GER"]
[Date "2023.08.26"]
[Round "4.14"]
[Board "4"]
[White "Schwarz, Dietmar"]
[Black "Bartelt, Max Peter"]
[Result "0-1"]
[WhiteElo "1833"]
[BlackElo "2025"]
[WhiteTeam "Neustadt Weinstrasse"]
[BlackTeam "Wensing & Poebel"]
[WhiteFideId "1271897"]
[BlackFideId "12967289"]
[EventDate "2023.08.26"]

1. e4 e6 2. d4 d5 3. exd5 exd5 4. Bd3 Bd6 5. c3 Nc6 6. Be3 Be6 7. Nf3 Nge7 8.
Qc2 h6 9. Nbd2 Qd7 10. a3 a6 11. c4 dxc4 12. Nxc4 O-O 13. Rd1 Nd5 14. Nxd6 Qxd6
15. O-O Rad8 16. Rfe1 Bg4 17. Be2 Rfe8 18. Qc1 Qf6 19. h3 Bh5 20. g4 Bg6 21. g5
Qe6 22. gxh6 Nxe3 23. fxe3 Qxh3 24. hxg7 Qg3+ 25. Kf1 Be4 26. Rd2 Rd6 27. Qd1
Rh6 0-1

[Event "World Rapid Team 2023"]
[Site "Dusseldorf GER"]
[Date "2023.08.26"]
[Round "4.15"]
[Board "1"]
[White "Seel, Christian"]
[Black "Pak, Alexander"]
[Result "1-0"]
[WhiteTitle "IM"]
[WhiteElo "2477"]
[BlackElo "2170"]
[WhiteTeam "Aachener Schachverein von 1856"]
[BlackTeam "Ecole Polytechnique Francaise de Lausanne"]
[WhiteFideId "4663098"]
[BlackFideId "4164717"]
[EventDate "2023.08.26"]

1. Nf3 d5 2. d4 Nf6 3. c4 c6 4. e3 Bf5 5. Nc3 e6 6. Nh4 Be4 7. f3 Bg6 8. Qb3 Qc7
9. Nxg6 hxg6 10. Bd2 a5 11. g3 a4 12. Qc2 a3 13. Rb1 Nbd7 14. Kf2 Be7 15. Kg2
O-O 16. b3 Rfe8 17. Bd3 Bf8 18. Rhe1 Rac8 19. c5 e5 20. b4 g5 21. b5 g6 22. b6
Qb8 23. Nd1 exd4 24. exd4 Rxe1 25. Bxe1 Re8 26. Nf2 Bg7 27. Bc3 Nf8 28. Rb3 Ne6
29. Rxa3 g4 30. fxg4 Ng5 31. Ra4 Nfe4 32. Bxe4 Nxe4 33. Ra7 Qc8 34. h3 Nxf2 35.
Qxf2 Re4 36. Kf1 Bh6 37. Bd2 Bg7 38. Be3 Qe6 39. Ra8+ Kh7 40. Ra3 Qe7 41. Rd3
Re6 42. g5 Re4 43. Kg2 Kg8 44. a4 Qd7 45. a5 Re8 46. Qf3 Qe6 47. Bf2 Ra8 48. Re3
Qd7 49. Ra3 Qe6 50. Qf4 Qe2 51. Re3 Qc2 52. Re7 Rf8 53. Rxb7 f6 54. Qc7 Qe4+ 55.
Kh2 1-0

[Event "World Rapid Team 2023"]
[Site "Dusseldorf GER"]
[Date "2023.08.26"]
[Round "4.15"]
[Board "3"]
[White "Koch, Thomas1"]
[Black "Deregnaucourt, Lucas"]
[Result "1-0"]
[WhiteTitle "IM"]
[WhiteElo "2426"]
[BlackElo "2076"]
[WhiteTeam "Aachener Schachverein von 1856"]
[BlackTeam "Ecole Polytechnique Francaise de Lausanne"]
[WhiteFideId "4600533"]
[BlackFideId "26057794"]
[EventDate "2023.08.26"]

1. d4 Nf6 2. c4 g6 3. Nc3 d5 4. cxd5 Nxd5 5. e4 Nxc3 6. bxc3 Bg7 7. Bc4 c5 8.
Ne2 Nc6 9. Be3 O-O 10. O-O b6 11. Qd2 Bb7 12. Rac1 e6 13. Rfd1 Rc8 14. Bh6 Na5
15. Bd3 Qd6 16. h4 e5 17. h5 cxd4 18. cxd4 exd4 19. Bxg7 Kxg7 20. h6+ Kg8 21.
Qg5 f6 22. Qg4 Nc6 23. f4 Kh8 24. Bc4 Rce8 25. Ng3 Bc8 26. Qf3 Bb7 27. Bd5 f5
28. exf5 Re3 29. Qf2 Qxd5 30. Qxe3 dxe3 31. Rxd5 Nb4 32. Rd7 Bc6 33. Rxa7 gxf5
34. a3 Rg8 35. axb4 1-0

[Event "World Rapid Team 2023"]
[Site "Dusseldorf GER"]
[Date "2023.08.26"]
[Round "4.15"]
[Board "4"]
[White "Pheng, Wissam"]
[Black "Ahn, Martin"]
[Result "0-1"]
[BlackTitle "FM"]
[WhiteElo "1940"]
[BlackElo "2153"]
[WhiteTeam "Ecole Polytechnique Francaise de Lausanne"]
[BlackTeam "Aachener Schachverein von 1856"]
[WhiteFideId "26008505"]
[BlackFideId "200972"]
[EventDate "2023.08.26"]

1. e4 c5 2. b3 Nc6 3. Bb2 d5 4. exd5 Qxd5 5. Nc3 Qd8 6. Nf3 Nf6 7. Bb5 Bd7 8.
Qe2 e6 9. O-O-O Be7 10. Bxc6 Bxc6 11. Ne5 Rc8 12. f4 O-O 13. Rhg1 Nd5 14. Nxc6
Rxc6 15. Qf3 Nxc3 16. dxc3 Qc7 17. c4 Rd8 18. h4 Rcd6 19. Rxd6 Qxd6 20. Bc3 Bf6
21. Bxf6 gxf6 22. h5 Qd4 23. Qg4+ Kf8 24. Kb1 Qxg1+ 25. Kb2 Qd4+ 26. Ka3 Rd6 0-1

[Event "World Rapid Team 2023"]
[Site "Dusseldorf GER"]
[Date "2023.08.26"]
[Round "4.15"]
[Board "5"]
[White "Rache, Ralf"]
[Black "Wasserfallen, Benedict"]
[Result "1-0"]
[WhiteElo "1914"]
[BlackElo "1853"]
[WhiteTeam "Aachener Schachverein von 1856"]
[BlackTeam "Ecole Polytechnique Francaise de Lausanne"]
[WhiteFideId "1270447"]
[BlackFideId "1344927"]
[EventDate "2023.08.26"]

1. e4 c5 2. Nf3 g6 3. d4 cxd4 4. Nxd4 Nf6 5. Nc3 d6 6. Be3 Bg7 7. f3 Nc6 8. Qd2
O-O 9. Bc4 Bd7 10. O-O-O Rb8 11. h4 b5 12. Bb3 Na5 13. Nd5 Nc4 14. Bxc4 bxc4 15.
g4 Nxd5 16. exd5 Qb6 17. c3 Qa5 18. a3 Qxd5 19. h5 Rfc8 20. hxg6 hxg6 21. Qh2
Ba4 22. Nf5 Qe5 23. Bf4 Qf6 24. Qh7+ Kf8 25. Bh6 Bxh6+ 26. Qxh6+ Ke8 27. Nxe7
Kxe7 28. Qe3+ Kf8 29. Qh6+ Qg7 30. Qf4 Bxd1 31. Qxd6+ Kg8 32. Qxd1 Qe5 33. Qd2
Re8 1-0

[Event "World Rapid Team 2023"]
[Site "Dusseldorf GER"]
[Date "2023.08.26"]
[Round "4.15"]
[Board "6"]
[White "Pheng, Sophia"]
[Black "Ahn, Anastasia"]
[Result "1-0"]
[WhiteElo "1128"]
[BlackElo "1592"]
[WhiteTeam "Ecole Polytechnique Francaise de Lausanne"]
[BlackTeam "Aachener Schachverein von 1856"]
[WhiteFideId "26066602"]
[BlackFideId "252220"]
[EventDate "2023.08.26"]

1. e4 c5 2. Nc3 Nc6 3. f4 g6 4. Nf3 Bg7 5. Bc4 e6 6. O-O Nge7 7. d3 O-O 8. Qe1
d5 9. Bb3 a6 10. a3 b5 11. Ne2 Bb7 12. c3 Rc8 13. Ba2 Qc7 14. e5 f6 15. d4 fxe5
16. dxe5 c4 17. Bb1 Rcd8 18. Qh4 Nf5 19. Bxf5 exf5 20. Ng5 h6 21. Ne6 Qb6+ 22.
Kh1 d4 23. Nxf8 Kxf8 24. cxd4 Rd7 25. Be3 Ne7 1-0

[Event "World Rapid Team 2023"]
[Site "Dusseldorf GER"]
[Date "2023.08.26"]
[Round "4.16"]
[Board "1"]
[White "Li, Yunqi"]
[Black "Kraus, Sebastian"]
[Result "1-0"]
[WhiteElo "1659"]
[BlackElo "1904"]
[WhiteTeam "Deutsche Schachjugend 2"]
[BlackTeam "Unischach Bayreuth"]
[WhiteFideId "34610618"]
[BlackFideId "24690260"]
[EventDate "2023.08.26"]

1. e4 e5 2. Nf3 Nc6 3. Bc4 Nf6 4. d3 Be7 5. c3 O-O 6. O-O d6 7. Nbd2 Nd7 8. Bb3
Bf6 9. Re1 g6 10. Nf1 Nc5 11. Bc2 Ne6 12. Be3 Ng5 13. Nxg5 Bxg5 14. Bxg5 Qxg5
15. Qd2 Qxd2 16. Nxd2 Be6 17. Bb3 Bxb3 18. Nxb3 f5 19. f3 Rae8 20. Rad1 b6 21.
Nd2 Re7 22. Nc4 Ref7 23. Ne3 Ne7 24. Nc2 g5 25. Ne3 h5 26. exf5 Nxf5 27. Nxf5
Rxf5 28. d4 g4 29. fxg4 hxg4 30. dxe5 dxe5 31. Rf1 Kg7 32. Rxf5 Rxf5 33. Rd7+
Kf6 34. h3 gxh3 35. gxh3 e4 36. Rxc7 e3 37. Rc8 Kf7 38. Rc7+ Kf6 39. Rc8 Ke7 40.
Rc4 1-0

[Event "World Rapid Team 2023"]
[Site "Dusseldorf GER"]
[Date "2023.08.26"]
[Round "4.16"]
[Board "2"]
[White "Braun, Kristin"]
[Black "Lorenz, Veronika"]
[Result "1-0"]
[WhiteElo "1906"]
[BlackElo "1668"]
[WhiteTeam "Unischach Bayreuth"]
[BlackTeam "Deutsche Schachjugend 2"]
[WhiteFideId "24656534"]
[BlackFideId "16277406"]
[EventDate "2023.08.26"]

1. e4 e5 2. Nf3 Nc6 3. Bc4 Nf6 4. d3 Bc5 5. c3 O-O 6. h3 a6 7. a4 d5 8. exd5
Nxd5 9. O-O Nb6 10. Bb3 Bf5 11. a5 Nc8 12. Re1 Bxd3 13. Nxe5 Nxe5 14. Rxe5 Bd6
15. Bg5 Be7 16. Rd5 Nd6 17. Bxe7 Qxe7 18. Rxd3 Ne4 19. Re3 Rad8 20. Qe1 Rfe8 21.
Ra4 Qc5 22. Raxe4 Rxe4 23. Rxe4 1-0

[Event "World Rapid Team 2023"]
[Site "Dusseldorf GER"]
[Date "2023.08.26"]
[Round "4.16"]
[Board "3"]
[White "Mueller, Konstantin"]
[Black "Strahl, Christian"]
[Result "0-1"]
[WhiteElo "1696"]
[BlackElo "1857"]
[WhiteTeam "Deutsche Schachjugend 2"]
[BlackTeam "Unischach Bayreuth"]
[WhiteFideId "34661778"]
[BlackFideId "12955019"]
[EventDate "2023.08.26"]

1. e4 c6 2. d4 d5 3. Nc3 dxe4 4. Nxe4 Nd7 5. Bc4 Ngf6 6. Qe2 Nxe4 7. Qxe4 Nf6 8.
Qd3 g6 9. Nf3 Bg7 10. O-O O-O 11. Re1 Nd5 12. c3 Re8 13. Ne5 Be6 14. Bd2 Rc8 15.
Bb3 Qd6 16. Rad1 f6 17. Nc4 Qd7 18. Ne3 Bf7 19. Nxd5 cxd5 20. Re2 e5 21. Rde1 e4
22. Qg3 f5 23. Qh4 Qc6 24. Bh6 Qf6 25. Qh3 Bxh6 26. Qxh6 f4 27. g3 f3 28. Re3
Rc6 29. Ba4 a6 30. Bxc6 Qxc6 31. Qh3 Be6 32. Qh4 Bd7 33. Kh1 Kg7 34. b3 Qb6 35.
Rd1 Qa5 36. a4 h6 37. Qf4 Qb6 38. c4 g5 39. c5 Qe6 40. Qc7 Qc6 41. Qa5 h5 42.
Qd2 Kg6 43. Qc3 Bh3 44. Qa5 Re6 45. b4 Qd7 46. b5 Bg2+ 47. Kg1 Rf6 48. Rc1 Qh3
49. Qe1 h4 50. Rc2 Rf7 51. c6 hxg3 52. fxg3 bxc6 53. bxc6 Rh7 54. Kf2 Qxh2 55.
Qg1 Qxg1+ 56. Kxg1 Rh1+ 57. Kf2 Rf1# 0-1

[Event "World Rapid Team 2023"]
[Site "Dusseldorf GER"]
[Date "2023.08.26"]
[Round "4.16"]
[Board "4"]
[White "Glock, Benjamin"]
[Black "Czaeczine, Paula"]
[Result "0-1"]
[WhiteElo "1782"]
[BlackElo "1588"]
[WhiteTeam "Unischach Bayreuth"]
[BlackTeam "Deutsche Schachjugend 2"]
[WhiteFideId "12942103"]
[BlackFideId "16249305"]
[EventDate "2023.08.26"]

1. d4 d5 2. c4 dxc4 3. e3 c5 4. Bxc4 a6 5. Nc3 e6 6. Nf3 Nf6 7. O-O b5 8. Bb3
Nc6 9. Qe2 Bb7 10. Rd1 Qc7 11. d5 exd5 12. Nxd5 Nxd5 13. Bxd5 Be7 14. e4 O-O 15.
Be3 Nd8 16. h3 Bxd5 17. Rxd5 Ne6 18. a4 Qb7 19. Rad1 Rfd8 20. Ne5 Rxd5 21. exd5
Nd4 22. Bxd4 cxd4 23. Nc6 Bf6 24. axb5 axb5 25. Nxd4 Qxd5 26. Nxb5 Qb3 27. Re1
h6 28. Qe4 Rb8 29. Nc7 Qxb2 30. Nd5 Rd8 31. Ne7+ Bxe7 32. Qxe7 Qd4 33. g3 Qd7
34. Qe3 Qxh3 35. Qe7 Qd7 36. Qe3 Kf8 37. Qa3+ Qd6 38. Qa7 Re8 39. Rb1 Qe6 40.
Rb7 Qe1+ 41. Kh2 Qe6 42. Kg1 Qe1+ 43. Kh2 Qe6 44. Kg1 Qf6 45. Kh2 g6 46. Qc5+
Kg7 47. Qd5 Qxf2+ 48. Kh3 Qf1+ 49. Qg2 Qxg2+ 50. Kxg2 g5 51. Kf3 Kg6 52. Rb5 Ra8
53. Rc5 Ra3+ 54. Kg4 h5+ 55. Kh3 h4 56. Kh2 hxg3+ 57. Kg1 f5 58. Rc1 g4 59. Kh1
Kg5 60. Rg1 f4 61. Kg2 Ra2+ 62. Kh1 Rh2# 0-1

[Event "World Rapid Team 2023"]
[Site "Dusseldorf GER"]
[Date "2023.08.26"]
[Round "4.16"]
[Board "5"]
[White "Bohatyrova, Mariia"]
[Black "Holoubek, Jonas"]
[Result "1-0"]
[WhiteElo "1398"]
[BlackElo "1570"]
[WhiteTeam "Deutsche Schachjugend 2"]
[BlackTeam "Unischach Bayreuth"]
[WhiteFideId "34165789"]
[BlackFideId "16283260"]
[EventDate "2023.08.26"]

1. e4 c5 2. b4 cxb4 3. Bb2 Nc6 4. d4 d5 5. exd5 Qxd5 6. c4 bxc3 7. Nxc3 Qa5 8.
Nf3 Bg4 9. d5 Bxf3 10. Qxf3 Nd4 11. Qe4 e5 12. Qxe5+ Ne7 13. Qxd4 O-O-O 14. Qd2
Nxd5 15. Nxd5 Qxd2+ 16. Kxd2 Rxd5+ 17. Kc2 Rc5+ 18. Kb3 Kd7 19. Rd1+ Ke6 20.
Bc4+ Kf5 21. Bd3+ Kg5 22. h4+ Kf4 23. g3+ Kg4 24. Be2+ Kf5 25. g4+ Ke6 26. Bc4+
Rxc4 27. Kxc4 Bd6 28. Rhe1+ Kd7 29. Ba3 Rc8+ 30. Kb3 Rc6 31. Rxd6+ Rxd6 32. Bxd6
Kxd6 33. Kc4 a6 34. a4 b6 35. Re2 Kd7 36. Kd5 h6 37. f4 g6 38. Re5 f6 39. Re6 b5
40. Rxa6 g5 41. Ra7+ Kc8 42. Kc6 Kb8 43. Rb7+ Kc8 44. a5 gxh4 45. a6 1-0

[Event "World Rapid Team 2023"]
[Site "Dusseldorf GER"]
[Date "2023.08.27"]
[Round "5.1"]
[Board "1"]
[White "Harikrishna, Pentala"]
[Black "Vachier-Lagrave, Maxime"]
[Result "1/2-1/2"]
[WhiteTitle "GM"]
[BlackTitle "GM"]
[WhiteElo "2711"]
[BlackElo "2739"]
[WhiteTeam "Team MGD1"]
[BlackTeam "ASV AlphaEchecs Linz"]
[WhiteFideId "5007003"]
[BlackFideId "623539"]
[EventDate "2023.08.26"]

1. d4 Nf6 2. Nf3 d5 3. Bf4 e6 4. e3 c5 5. Nbd2 Nc6 6. c3 Nh5 7. Bg5 f6 8. Bh4 g6
9. Be2 cxd4 10. cxd4 Be7 11. Rc1 O-O 12. O-O Ng7 13. Nb3 Nf5 14. Bg3 Nxg3 15.
hxg3 Bd6 16. Bd3 Ne7 17. Re1 b6 18. e4 dxe4 19. Bxe4 Rb8 20. Nbd2 Kg7 21. Nc4
Bb4 22. Re2 Nd5 23. Qb3 Be7 24. Na5 Nb4 25. Nc6 Nxc6 26. Bxc6 b5 27. a4 a6 28.
axb5 axb5 29. g4 e5 30. dxe5 Bxg4 31. Rd2 Qa5 32. Rd4 h5 33. Qe3 Qb6 34. e6 Rfd8
35. Rxd8 Qxe3 36. fxe3 Rxd8 37. Nd4 f5 38. Bd7 Ra8 39. Nxb5 Bg5 40. Kf2 f4 41.
exf4 Bxf4 42. Rc4 Bg5 43. Rc1 Bf4 44. Rc4 Bg5 45. Nd4 Ra2 46. Rb4 Bc1 47. Bc6
Bxb2 48. Kg3 Bxd4 49. Rxd4 Bxe6 50. Bd5 Ra3+ 51. Kf2 Bc8 52. Rc4 Bf5 53. Be4 Be6
54. Rc7+ Kh6 55. Rc6 Bf7 56. Rc7 Bg8 57. Rc6 Bh7 58. g3 Ra5 59. Kf3 Rg5 60. Rc8
Re5 61. Rc6 Re7 62. Rb6 Rf7+ 63. Kg2 Rg7 64. Kh3 Re7 65. Bb1 Re3 66. Kg2 Kg5 67.
Rb5+ Kh6 68. Rb6 Rc3 69. Be4 Rc4 70. Kf3 Rc7 71. Kg2 Re7 72. Kf3 Rg7 73. Kf4
Rf7+ 74. Ke3 Kg5 75. Rb7 Bg8 76. Rxf7 Bxf7 77. Kf2 1/2-1/2

[Event "World Rapid Team 2023"]
[Site "Dusseldorf GER"]
[Date "2023.08.27"]
[Round "5.1"]
[Board "2"]
[White "Grischuk, Alexander"]
[Black "Nihal, Sarin"]
[Result "1-0"]
[WhiteTitle "GM"]
[BlackTitle "GM"]
[WhiteElo "2736"]
[BlackElo "2684"]
[WhiteTeam "ASV AlphaEchecs Linz"]
[BlackTeam "Team MGD1"]
[WhiteFideId "4126025"]
[BlackFideId "25092340"]
[EventDate "2023.08.26"]

1. c4 b6 2. d4 Bb7 3. Nc3 e6 4. a3 Nf6 5. d5 g6 6. e4 d6 7. Nf3 Bg7 8. Bd3 O-O
9. O-O Nbd7 10. Rb1 a5 11. Re1 Re8 12. h3 h6 13. Bd2 exd5 14. cxd5 c6 15. dxc6
Bxc6 16. Nd4 Bb7 17. Bf4 d5 18. Ndb5 dxe4 19. Bf1 Nh5 20. Bc7 Qe7 21. Nd6 Ne5
22. Nxe8 Rxe8 23. Qd6 Qg5 24. Qxb6 Nf4 25. Kh1 Ned3 26. Qe3 Nxe1 27. Bxf4 Nxg2
28. Bxg5 Nxe3 29. Bxe3 f5 30. Kg1 g5 31. Rd1 f4 32. Bd4 Bc8 33. Bxg7 Kxg7 34.
Re1 Bf5 35. Bg2 Rb8 36. Bxe4 Bxh3 37. Rb1 Kf6 38. b4 axb4 39. axb4 Ke5 40. Bg2
Bf5 41. Re1+ Kd4 42. Nd5 Rb5 43. Ne7 Bd3 44. Nc6+ Kc3 45. Rc1+ Kd2 46. Rc5 Rb6
47. Ne5 Rxb4 48. Rd5 Rb1+ 49. Kh2 Rb5 50. Nc4+ 1-0

[Event "World Rapid Team 2023"]
[Site "Dusseldorf GER"]
[Date "2023.08.27"]
[Round "5.1"]
[Board "4"]
[White "Bacrot, Etienne"]
[Black "Sadhwani, Raunak"]
[Result "1/2-1/2"]
[WhiteTitle "GM"]
[BlackTitle "GM"]
[WhiteElo "2662"]
[BlackElo "2624"]
[WhiteTeam "ASV AlphaEchecs Linz"]
[BlackTeam "Team MGD1"]
[WhiteFideId "605506"]
[BlackFideId "35093487"]
[EventDate "2023.08.26"]

1. e4 e5 2. Nf3 Nc6 3. Bc4 Nf6 4. d3 Bc5 5. Nc3 a6 6. a4 d6 7. h3 h6 8. Be3 Bxe3
9. fxe3 Be6 10. Bxe6 fxe6 11. O-O O-O 12. d4 Qe7 13. Rf2 Rad8 14. Qe2 exd4 15.
exd4 d5 16. exd5 exd5 17. Qxe7 Nxe7 18. Ne5 a5 19. Re1 Nc8 20. Ng6 Rfe8 21. Rfe2
c6 22. Ne7+ 1/2-1/2